000 00557nam a22001217a 4500
999 _c21492
_d21492
008 240911b ||||| |||| 00| 0 eng d
100 _aPanares, Alice Alafriz.
_eauthor.
_960636
245 _aThe changing landscape of the arts in public schools :
_bthe new grade 11-12 senior high school arts/design track /
_cAlice Alafriz Panares.
260 _aPhilippines;
_bPublishers Association of the Philippines, Inc.,
_cDecember 2019.
300 _aVolume 168, pages 238-242,
_billustration.
700 _aPanares, Alice Alafriz.
_eauthor.
_960636
942 _2ddc
_cPER